000 01825nam a2200349 i 4500
999 _c65591
_d65591
001 768714001
003 CO-MdFUSB
005 20200602095043.0
007 ta
008 200331t1995 maua|||| |||| 00| 0 eng d
020 _a9781565630406
040 _aCO-MdFUSB
_bspa
_cCO-MdFUSB
_dCO-MdFUSBC
_erda
041 _aeng
082 _223
_a228.07
_bM251
100 _aMalina, Bruce J.
_eautor
245 1 3 _aOn the genre and message of Revelation :
_b star visions and sky journeys
_c/ Bruce J. Malina
264 1 _amassachusetts :
_bHendrickson Publishers,
_c[1995]
264 4 _c© 1995
300 _a317 páginas
_c; 24 cm
336 _2rdacontent
_atexto
_btxt
337 _2rdamedia
_asin mediación
_bn
338 _2rdacarrier
_avolumen
_bnc
500 _aColección Dawn Christina Harrell
505 _aIntroducción: Juan el Vidente, la revelación y el cielo. -- Visiones del cielo y viajes por el cielo: características de la profecía astral - Viajes en el cielo: mapas para un recorrido por la revelación. -- Sector uno: el papel cósmico de Jesús el Mesías. -- Sector dos comienza: el escenario del trono en el cielo - El sector dos continúa: de pergaminos, sellos y cometas - El sector dos termina: en cometas de trompeta, estrellas fugaces y problemas cósmicos. -- Sector tres: guerras de las galaxias prehistóricas. -- Sector tres continúa: guerras terrestres antediluvianas. -- Sector cuatro: la primera ciudad posdeluviana de la humanidad. -- Sector cinco: la ciudad final de la humanidad. -- La teología y el mensaje de revelación.
563 _aRústico
630 0 7 _aBiblia
_xCrítica, interpretación, etc.
630 7 _aBiblia.
_xCrítica, interpretación, etc.
_pApocalipsis
650 7 _9213
_aEscatología
942 _cBK
945 _aJTF-925
_bAEM-53